000 00908nam0a2200301 4500
001 RU\NLR\bibl\59111
005 20250615175318.0
010 _a5-04-001707-3
_912000
021 _aRU
_b98-47034
_92265
035 _a(NLR Aleph) 001340744
090 _a859171
_c859171
100 _a19991117d1998 |||y0rusy50 ca
101 1 _arus
_ceng
102 _aRU
105 _ay |||||||||
200 1 _aКлятва рыцаря
_eРоман
_fДжулиана Гарнетт
_g[Пер. с англ. Н. и О. Верещагиных]
210 _aМ.
_cЭКСМО-Пресс
_d1998
215 _a457, [1]
_d21
225 1 _aСоблазны
686 _aШ6(7США)67-442
700 1 _aГарнетт
_bДж.
_gДжулиана
_4070
801 0 _aRU
_bNLR
_c19991117
_gPSBO
801 1 _aRU
_bNLR
_c19991117
852 _aNLR
_b99-3/14429
942 _cBOOK
980 _aNB